Welcome to the Holygrace Academy Library

Please use search bar below to get started

LEAVING THE HEART BEHIND (Record no. 5547)

MARC details
000 -LEADER
fixed length control field 00305nam a22001337a 4500
020 ## - INTERNATIONAL STANDARD BOOK NUMBER
ISBN 81-7564-111-8
082 ## - DEWEY DECIMAL CLASSIFICATION NUMBER
Classification number 823
Item number SHA/L
100 ## - MAIN ENTRY--AUTHOR NAME
Personal name SHARMA, SUBASH
245 ## - TITLE STATEMENT
Title LEAVING THE HEART BEHIND
260 ## - PUBLICATION, DISTRIBUTION, ETC. (IMPRINT)
Place of publication DELHI
Name of publisher SAHNI PUBLICATION
300 ## - PHYSICAL DESCRIPTION
Number of Pages 78
650 ## - SUBJECT ADDED ENTRY--TOPICAL TERM
Topical Term ENGLISH SHORT STORY
Geographic subdivision DELHI
942 ## - ADDED ENTRY ELEMENTS (KOHA)
Koha item type Books
Holdings
Withdrawn status Lost status Collection code Home library Current library Shelving location Date acquired Source of acquisition Cost, normal purchase price Full call number Accession Number Koha item type
    Fiction Main Library Main Library SHELF 3- J- ENGLISH CHILDRENS LITERATURE &MYTHOLOGY 13/05/2011 PURCHASE 25.00 823 SHA/L 05146 Books